[Event "ODJM B 2023"]
[Site "Willingen GER"]
[Date "2023.05.30"]
[Round "4"]
[White "Goda, Maurice"]
[Black "Bergmann, Lennart"]
[Result "0-1"]
[Termination "normal"]
[Board "35"]
[WhiteElo "1453"]
[BlackElo "1515"]
[WhiteClock "00:38:57"]
[BlackClock "00:20:58"]
[PlyCount "68"]
[WhiteFideId "34640940"]
[BlackFideId "16270657"]
[EventCountry "GER"]
[EventRounds "9"]
[EventType "swiss"]
[EventDate "2023.05.27"]

1. d4 {[%clk 01:30:59]} {[%emt 14:04:51]} Nf6 {[%clk 01:30:53]} {[%emt
00:00:07]} 2. Nc3 {[%clk 01:31:03]} {[%emt 00:00:27]} d6 {[%clk 01:31:14]}
{[%emt 00:00:09]} 3. e4 {[%clk 01:30:43]} {[%emt 00:00:49]} c6 {[%clk
01:31:34]} {[%emt 00:00:10]} 4. Nf3 {[%clk 01:30:07]} {[%emt 00:01:06]} g6
{[%clk 01:31:24]} {[%emt 00:00:40]} 5. Be3 {[%clk 01:30:06]} {[%emt 00:00:31]}
Nbd7 {[%clk 01:30:13]} {[%emt 00:01:41]} 6. Bc4 {[%clk 01:27:26]} {[%emt
00:03:10]} Bg7 {[%clk 01:29:58]} {[%emt 00:00:45]} 7. h3 {[%clk 01:25:26]}
{[%emt 00:02:30]} e5 {[%clk 01:27:26]} {[%emt 00:03:02]} 8. dxe5 {[%clk
01:21:38]} {[%emt 00:04:18]} dxe5 {[%clk 01:27:48]} {[%emt 00:00:08]} 9. Qd2
{[%clk 01:21:44]} {[%emt 00:00:24]} O-O {[%clk 01:23:21]} {[%emt 00:04:56]} 10.
O-O-O {[%clk 01:18:36]} {[%emt 00:03:39]} Qe7 {[%clk 01:21:56]} {[%emt
00:01:54]} 11. Bh6 {[%clk 01:15:22]} {[%emt 00:03:45]} Nc5 {[%clk 01:20:07]}
{[%emt 00:02:19]} 12. Bxg7 {[%clk 01:08:11]} {[%emt 00:07:41]} Kxg7 {[%clk
01:20:30]} {[%emt 00:00:07]} 13. Qe3 {[%clk 01:07:53]} {[%emt 00:00:47]} b5
{[%clk 01:18:10]} {[%emt 00:02:51]} 14. Be2 {[%clk 01:01:38]} {[%emt 00:06:45]}
b4 {[%clk 01:14:22]} {[%emt 00:04:19]} 15. Nb1 {[%clk 00:59:59]} {[%emt
00:02:09]} Nfxe4 {[%clk 01:07:38]} {[%emt 00:07:13]} 16. Nbd2 {[%clk 00:58:13]}
{[%emt 00:02:16]} Nxd2 {[%clk 01:05:20]} {[%emt 00:02:49]} 17. Rxd2 {[%clk
00:57:38]} {[%emt 00:01:04]} f6 {[%clk 01:02:47]} {[%emt 00:03:02]} 18. g4
{[%clk 00:56:23]} {[%emt 00:01:46]} Re8 {[%clk 00:55:19]} {[%emt 00:07:59]} 19.
Rhd1 {[%clk 00:55:27]} {[%emt 00:01:25]} Ne6 {[%clk 00:44:31]} {[%emt
00:11:18]} 20. Ba6 {[%clk 00:49:12]} {[%emt 00:06:46]} Rd8 {[%clk 00:44:20]}
{[%emt 00:00:40]} 21. Rxd8 {[%clk 00:48:10]} {[%emt 00:01:32]} Nxd8 {[%clk
00:44:44]} {[%emt 00:00:06]} 22. Bxc8 {[%clk 00:48:09]} {[%emt 00:00:32]} Rxc8
{[%clk 00:45:07]} {[%emt 00:00:07]} 23. g5 {[%clk 00:48:26]} {[%emt 00:00:12]}
f5 {[%clk 00:38:29]} {[%emt 00:07:08]} 24. Nxe5 {[%clk 00:45:25]} {[%emt
00:03:31]} Rc7 {[%clk 00:37:27]} {[%emt 00:01:33]} 25. Qd4 {[%clk 00:44:35]}
{[%emt 00:01:19]} Ne6 {[%clk 00:35:14]} {[%emt 00:02:43]} 26. Nxc6+ {[%clk
00:43:06]} {[%emt 00:01:59]} Nxd4 {[%clk 00:35:32]} {[%emt 00:00:10]} 27. Nxe7
{[%clk 00:43:33]} {[%emt 00:00:05]} Ne2+ {[%clk 00:24:12]} {[%emt 00:11:50]}
28. Kd2 {[%clk 00:43:15]} {[%emt 00:00:49]} Nf4 {[%clk 00:24:07]} {[%emt
00:00:34]} 29. Re1 {[%clk 00:41:49]} {[%emt 00:01:56]} Kf7 {[%clk 00:20:34]}
{[%emt 00:04:02]} 30. c3 {[%clk 00:37:34]} {[%emt 00:04:46]} bxc3+ {[%clk
00:20:33]} {[%emt 00:00:31]} 31. bxc3 {[%clk 00:37:58]} {[%emt 00:00:05]} Rxe7
{[%clk 00:20:59]} {[%emt 00:00:05]} 32. Rxe7+ {[%clk 00:38:20]} Kxe7 {[%clk
00:21:23]} {[%emt 00:00:14]} 33. Ke3 {[%clk 00:38:40]} {[%emt 00:00:10]} Nxh3
{[%clk 00:20:58]} {[%emt 00:00:55]} 34. c4 {[%clk 00:38:57]} {[%emt 00:00:13]}
Nxg5 {[%emt 00:00:50]} 0-1

[Event "ODJM B 2023"]
[Site "Willingen GER"]
[Date "2023.05.30"]
[Round "4"]
[White "Andresen, Eric"]
[Black "Tulchynsky, Mark"]
[Result "1/2-1/2"]
[Termination "normal"]
[Board "36"]
[WhiteElo "1526"]
[BlackElo "1425"]
[WhiteClock "00:12:05"]
[BlackClock "00:26:40"]
[PlyCount "53"]
[WhiteFideId "34641360"]
[BlackFideId "34617698"]
[EventCountry "GER"]
[EventRounds "9"]
[EventType "swiss"]
[EventDate "2023.05.27"]

1. Nf3 {[%clk 01:30:58]} {[%emt 00:00:01]} d6 {[%clk 01:30:52]} {[%emt
00:00:08]} 2. d4 {[%clk 01:31:20]} {[%emt 00:00:08]} g6 {[%clk 01:30:55]}
{[%emt 00:00:27]} 3. e4 {[%clk 01:31:20]} {[%emt 00:00:30]} Bg7 {[%clk
01:31:15]} {[%emt 00:00:10]} 4. Bc4 {[%clk 01:30:38]} {[%emt 00:01:12]} Nc6
{[%clk 01:31:17]} {[%emt 00:00:29]} 5. Nc3 {[%clk 01:29:12]} {[%emt 00:01:56]}
Nf6 {[%clk 01:28:51]} {[%emt 00:02:56]} 6. d5 {[%clk 01:14:02]} {[%emt
00:15:41]} Nb8 {[%clk 01:28:49]} {[%emt 00:00:31]} 7. Be3 {[%clk 01:13:41]}
{[%emt 00:00:51]} O-O {[%clk 01:28:12]} {[%emt 00:01:07]} 8. O-O {[%clk
01:13:29]} {[%emt 00:00:42]} e5 {[%clk 01:28:26]} {[%emt 00:00:16]} 9. h3
{[%clk 01:02:37]} {[%emt 00:11:22]} Ne8 {[%clk 01:25:36]} {[%emt 00:03:21]} 10.
Nh2 {[%clk 00:51:58]} {[%emt 00:11:08]} f5 {[%clk 01:21:58]} {[%emt 00:04:08]}
11. exf5 {[%clk 00:48:30]} {[%emt 00:03:58]} Bxf5 {[%clk 01:22:18]} {[%emt
00:00:10]} 12. f4 {[%clk 00:47:38]} {[%emt 00:01:21]} exf4 {[%clk 01:05:50]}
{[%emt 00:16:59]} 13. Bxf4 {[%clk 00:46:38]} {[%emt 00:01:29]} Nf6 {[%clk
01:03:14]} {[%emt 00:03:07]} 14. Qd2 {[%clk 00:39:54]} {[%emt 00:07:14]} Na6
{[%clk 00:47:16]} {[%emt 00:16:28]} 15. Nf3 {[%clk 00:29:37]} {[%emt 00:10:47]}
Nc5 {[%clk 00:46:10]} {[%emt 00:01:36]} 16. Ng5 {[%clk 00:29:05]} {[%emt
00:01:01]} Nfe4 {[%clk 00:38:50]} {[%emt 00:07:51]} 17. Ncxe4 {[%clk 00:24:50]}
{[%emt 00:04:45]} Nxe4 {[%clk 00:39:11]} {[%emt 00:00:09]} 18. Nxe4 {[%clk
00:24:49]} {[%emt 00:00:30]} Bxe4 {[%clk 00:39:39]} {[%emt 00:00:02]} 19. Rae1
{[%clk 00:23:48]} {[%emt 00:01:31]} Bf5 {[%clk 00:39:56]} {[%emt 00:00:13]} 20.
Bg5 {[%clk 00:18:28]} {[%emt 00:05:50]} Bf6 {[%clk 00:36:42]} {[%emt 00:03:45]}
21. Bxf6 {[%clk 00:18:01]} {[%emt 00:00:57]} Rxf6 {[%clk 00:36:27]} {[%emt
00:00:45]} 22. Qc3 {[%clk 00:16:24]} {[%emt 00:02:07]} Rf8 {[%clk 00:33:26]}
{[%emt 00:03:31]} 23. g4 {[%clk 00:13:45]} {[%emt 00:03:09]} Qg5 {[%clk
00:26:52]} {[%emt 00:07:04]} 24. Kh2 {[%clk 00:12:58]} {[%emt 00:01:17]} Bd7
{[%clk 00:26:40]} {[%emt 00:00:42]} 25. Qe3 {[%clk 00:11:38]} {[%emt 00:01:50]}
Qxe3 {[%clk 00:26:16]} {[%emt 00:00:54]} 26. Rxe3 {[%clk 00:11:39]} {[%emt
00:00:28]} Rxf1 {[%clk 00:26:40]} {[%emt 00:00:06]} 27. Bxf1 {[%clk 00:12:05]}
{[%emt 00:00:05]} 1/2-1/2

[Event "ODJM B 2023"]
[Site "Willingen GER"]
[Date "2023.05.30"]
[Round "4"]
[White "Wilmink, Luca"]
[Black "Pac, Maksym"]
[Result "1-0"]
[Termination "normal"]
[Board "37"]
[WhiteElo "1530"]
[BlackElo "1249"]
[PlyCount "55"]
[WhiteFideId "16245253"]
[BlackFideId "34623558"]
[EventCountry "GER"]
[EventRounds "9"]
[EventType "swiss"]
[EventDate "2023.05.27"]

1. e4 c5 2. Nf3 e6 3. d4 cxd4 4. Nxd4 Nc6 5. Be3 a6 6. Bc4 Qc7 7. Bb3 b5 8. Nc3
Bb7 9. O-O Nf6 10. f4 b4 11. e5 bxc3 12. exf6 cxb2 13. fxg7 Bxg7 14. Rb1 Rg8
15. Rf2 Nxd4 16. Bxd4 Qc6 17. Bxg7 Rxg7 18. Qe2 Ke7 19. f5 f6 20. fxe6 dxe6 21.
Rxb2 Rag8 22. c3 h5 23. Bxe6 Rxg2+ 24. Rxg2 Qc5+ 25. Kf1 Rxg2 26. Rxb7+ Kd6 27.
Rd7+ Kc6 28. Qxg2+ 1-0

[Event "ODJM B 2023"]
[Site "Willingen GER"]
[Date "2023.05.30"]
[Round "4"]
[White "Rose, Simeon"]
[Black "Albayrak, Melissa"]
[Result "1/2-1/2"]
[Termination "normal"]
[Board "38"]
[WhiteElo "1416"]
[BlackElo "1362"]
[PlyCount "83"]
[WhiteFideId "34625062"]
[BlackFideId "16255283"]
[EventCountry "GER"]
[EventRounds "9"]
[EventType "swiss"]
[EventDate "2023.05.27"]

1. e4 e5 2. Nf3 Nc6 3. Bc4 Bc5 4. d3 h6 5. Be3 Bb6 6. Nc3 Nf6 7. Qd2 d6 8.
O-O-O Be6 9. Bxe6 fxe6 10. Rdg1 d5 11. exd5 exd5 12. d4 O-O 13. dxe5 Nxe5 14.
Nxe5 d4 15. Bxd4 Bxd4 16. Re1 Re8 17. Nf3 Bxc3 18. Rxe8+ Qxe8 19. Qxc3 Qf7 20.
Ne5 Qxa2 21. Qc4+ Qxc4 22. Nxc4 Re8 23. Kd1 Ng4 24. Rf1 Nxh2 25. Re1 Rxe1+ 26.
Kxe1 Ng4 27. Na5 b6 28. Nc6 a5 29. Ne7+ Kf7 30. Nd5 Nf6 31. Nxc7 Ke7 32. Ke2
Kd6 33. Nb5+ Kc5 34. Nc7 b5 35. Ne6+ Kc4 36. Nxg7 b4 37. Nf5 a4 38. Kd1 Ne4 39.
Ne3+ Kd4 40. Nf5+ Kc4 41. Ne3+ Kc5 42. Kc1 1/2-1/2

[Event "ODJM B 2023"]
[Site "Willingen GER"]
[Date "2023.05.30"]
[Round "4"]
[White "Mohebbi, Sam"]
[Black "Schirmer, Sara"]
[Result "1-0"]
[Termination "normal"]
[Board "39"]
[WhiteElo "1555"]
[BlackElo "1406"]
[PlyCount "78"]
[WhiteFideId "34607293"]
[BlackFideId "16297580"]
[EventCountry "GER"]
[EventRounds "9"]
[EventType "swiss"]
[EventDate "2023.05.27"]

1. e4 e5 2. Nf3 Nc6 3. Bc4 Bc5 4. c3 Nf6 5. d3 d6 6. a4 a5 7. Bg5 Be6 8. Nbd2
Qd7 9. Qb3 Bb6 10. Be3 Bxe3 11. fxe3 Ng4 12. Nf1 Bxc4 13. Qxc4 h6 14. d4 exd4
15. exd4 O-O 16. Ng3 Rad8 17. h3 Nf6 18. d5 Ne7 19. O-O Rfe8 20. Nh4 Ng6 21.
Nhf5 Re5 22. Nxh6+ gxh6 23. Rxf6 Rg5 24. Qd3 Kh7 25. Raf1 Ne5 26. Qe3 Rdg8 27.
Rxh6+ Kxh6 28. h4 Qg4 29. Nf5+ Kh7 30. hxg5 Rxg5 31. Rf2 Qh5 32. Qf4 Nd3 33.
Qe3 Nxf2 34. Qxf2 Qd1+ 35. Kh2 Rh5+ 36. Nh4 Qg4 37. Qxf7+ Qg7 38. Qxh5+ Qh6 39.
Qxh6+ Kxh6 1-0

[Event "ODJM B 2023"]
[Site "Willingen GER"]
[Date "2023.05.30"]
[Round "4"]
[White "Oblender, Rudi"]
[Black "Fock, Madiha"]
[Result "0-1"]
[Termination "normal"]
[Board "40"]
[WhiteElo "1391"]
[BlackElo "1493"]
[PlyCount "158"]
[WhiteFideId "34625089"]
[BlackFideId "16253574"]
[EventCountry "GER"]
[EventRounds "9"]
[EventType "swiss"]
[EventDate "2023.05.27"]

1. b3 d5 2. Bb2 c5 3. e3 Nc6 4. d4 Nf6 5. Nf3 Bg4 6. Be2 e6 7. Nbd2 Be7 8. a3
O-O 9. h3 Bh5 10. g4 Bg6 11. Nf1 Ne4 12. c3 cxd4 13. exd4 Bh4 14. Rh2 Rc8 15.
Bd3 f5 16. gxf5 exf5 17. Nxh4 Qxh4 18. Qf3 Bh5 19. Qg2 Rfe8 20. Ne3 f4 21.
Qxg7+ Kxg7 22. Nf5+ Kh8 23. Nxh4 Nxc3+ 24. Kd2 Na5 25. Rg1 Nxb3+ 26. Kc2 Nxd4+
27. Kd2 Nde2 28. Rhg2 d4 29. Nf5 Nxg1 30. Rxg1 Rg8 31. Rxg8+ Rxg8 32. Nxd4 Na4
33. Ba1 Rg1 34. Nc2+ Kg8 35. Bc4+ Kf8 36. Ne1 Nc5 37. Bd5 Rg5 38. Bc4 Ne4+ 39.
Kd3 Nxf2+ 40. Kd4 Rg1 41. Bc3 Nd1 42. Bb4+ Ke8 43. Ke4 Nf2+ 44. Kxf4 Nxh3+ 45.
Ke3 Rg3+ 46. Kd2 a6 47. Be6 Nf2 48. Bc8 Ne4+ 49. Kc2 Rg7 50. Kd3 Bg6 51. Ke3
Nf6 52. Kd4 Rc7 53. Be6 h5 54. Ke5 Nd7+ 55. Kd6 Rc6+ 56. Kd5 Be4+ 57. Kxe4
Rxe6+ 58. Kf4 Kf7 59. Nf3 Rf6+ 60. Kg3 Rg6+ 61. Kf4 b6 62. Bc3 a5 63. Bd2 Rd6
64. Ke3 Ke6 65. Ng5+ Kf5 66. Ne4 Re6 67. Kf3 Rxe4 68. Be3 b5 69. Bd2 b4 70.
axb4 axb4 71. Kg3 b3 72. Bc3 Re3+ 73. Kf2 Rxc3 74. Ke2 b2 75. Kd2 b1=Q 76. Kxc3
Ke4 77. Kc4 Qc2+ 78. Kb5 Qc5+ 79. Ka6 Qb6# 0-1

[Event "ODJM B 2023"]
[Site "Willingen GER"]
[Date "2023.05.30"]
[Round "4"]
[White "Derhay, Davyd"]
[Black "Kraus, Johanna"]
[Result "1-0"]
[Termination "normal"]
[Board "41"]
[WhiteElo "1376"]
[BlackElo "1408"]
[PlyCount "63"]
[WhiteFideId "34130624"]
[BlackFideId "34653872"]
[EventCountry "GER"]
[EventRounds "9"]
[EventType "swiss"]
[EventDate "2023.05.27"]

1. e4 d5 2. exd5 Qxd5 3. Nc3 Qa5 4. d4 c5 5. dxc5 e5 6. Be3 Nf6 7. a3 a6 8. b4
Qc7 9. Na4 Nbd7 10. Nf3 Be7 11. Be2 O-O 12. c4 Rd8 13. Qc2 a5 14. O-O h6 15. h3
Qc6 16. Rfe1 Nf8 17. Nb6 Ra7 18. Nxe5 Qe8 19. c6 Be6 20. c7 Rc8 21. Nxc8 Qxc8
22. Bxa7 Qxc7 23. Bf3 b6 24. Nc6 Bd6 25. c5 Bh2+ 26. Kh1 bxc5 27. Bxc5 N8d7 28.
Nxa5 Bf4 29. Nc6 Ne5 30. Nxe5 Bxe5 31. Rad1 Qc8 32. Rxe5 1-0

[Event "ODJM B 2023"]
[Site "Willingen GER"]
[Date "2023.05.30"]
[Round "4"]
[White "Brandt, Clara"]
[Black "Reger, Christoph"]
[Result "1-0"]
[Termination "normal"]
[Board "42"]
[WhiteElo "1254"]
[BlackElo "1129"]
[PlyCount "95"]
[WhiteFideId "34614737"]
[BlackFideId "16287606"]
[EventCountry "GER"]
[EventRounds "9"]
[EventType "swiss"]
[EventDate "2023.05.27"]

1. Nf3 d5 2. g3 Nc6 3. d4 Bf5 4. Bg2 e6 5. O-O h5 6. e3 Bd6 7. c4 h4 8. Re1 Nb4
9. Na3 hxg3 10. fxg3 dxc4 11. e4 Bg4 12. Nxc4 Bxf3 13. Bxf3 Qf6 14. e5 Qg6 15.
Nxd6+ Kd7 16. Qa4+ Nc6 17. Bxc6+ bxc6 18. Ne4 Ne7 19. Qc2 Nf5 20. Nc5+ Ke7 21.
Bf4 Qg4 22. Re4 Rad8 23. Nb3 a5 24. Qd2 Qf3 25. Qe2 Qxe2 26. Rxe2 a4 27. Nc5
Nxd4 28. Rf2 Rd5 29. Nxa4 Ra5 30. Nc3 Rh5 31. Rd1 c5 32. h4 Nc6 33. Re1 Nb4 34.
Ra1 Nd3 35. Re2 Ra8 36. Rd1 c4 37. b3 Nxf4 38. gxf4 cxb3 39. axb3 Rxh4 40. Re4
Rh3 41. Rc4 Rc8 42. b4 Rh4 43. Nb5 c6 44. Na7 Rc7 45. Nxc6+ Rxc6 46. Rxc6 Rxf4
47. b5 Re4 48. Rc7+ 1-0

[Event "ODJM B 2023"]
[Site "Willingen GER"]
[Date "2023.05.30"]
[Round "4"]
[White "Yang, Markus"]
[Black "Kutz, Paul Matti"]
[Result "1-0"]
[Termination "normal"]
[Board "44"]
[WhiteElo "1518"]
[BlackElo "1537"]
[PlyCount "97"]
[WhiteFideId "16206550"]
[BlackFideId "16296265"]
[EventCountry "GER"]
[EventRounds "9"]
[EventType "swiss"]
[EventDate "2023.05.27"]

1. e4 e6 2. d4 d5 3. e5 c5 4. c3 Nc6 5. Nf3 Qb6 6. Bd3 Bd7 7. Bc2 Na5 8. O-O
Nc4 9. b3 Na5 10. dxc5 Qc7 11. b4 Nc4 12. Re1 b6 13. cxb6 axb6 14. Nbd2 Rd8 15.
Nxc4 dxc4 16. Be3 Bc6 17. Qe2 Nh6 18. Qxc4 Qb7 19. Bxh6 gxh6 20. Be4 Bxe4 21.
Qxe4 Qxe4 22. Rxe4 Rd3 23. Rc4 Rg8 24. Kf1 b5 25. Rc7 Rg5 26. a4 bxa4 27. Rxa4
Be7 28. Ra8+ Bd8 29. Ke2 Rd5 30. Ke3 Rxg2 31. c4 Rd1 32. b5 Kf8 33. Rcc8 Ke7
34. Ra7+ Kf8 35. b6 Kg7 36. Rxd8 Rxd8 37. b7 Kh8 38. Ra8 Rgg8 39. Rxd8 Rxd8 40.
c5 f5 41. c6 f4+ 42. Kxf4 Rf8+ 43. Ke3 Kg7 44. c7 Kg6 45. b8=Q Rg8 46. Qxg8+
Kh5 47. Ng5 Kg4 48. c8=Q Kf5 49. Qcxe6# 1-0

[Event "ODJM B 2023"]
[Site "Willingen GER"]
[Date "2023.05.30"]
[Round "4"]
[White "Hensen, Malte"]
[Black "Frydel, Marcel"]
[Result "0-1"]
[Termination "normal"]
[Board "45"]
[WhiteElo "1484"]
[BlackElo "1346"]
[PlyCount "72"]
[WhiteFideId "34660356"]
[BlackFideId "16245733"]
[EventCountry "GER"]
[EventRounds "9"]
[EventType "swiss"]
[EventDate "2023.05.27"]

1. d4 d5 2. Nf3 Bf5 3. e3 e6 4. Bd3 Bxd3 5. cxd3 Nd7 6. O-O Ngf6 7. Nc3 c6 8.
Re1 Be7 9. e4 dxe4 10. dxe4 O-O 11. Bg5 h6 12. Bh4 Nb6 13. Qc2 Rc8 14. Rad1 Re8
15. Qb3 Rc7 16. Rd2 Rd7 17. Red1 Nxe4 18. Bxe7 Nxd2 19. Bxd8 Nxb3 20. Bxb6 axb6
21. axb3 c5 22. dxc5 Rxd1+ 23. Nxd1 Rd8 24. Nc3 bxc5 25. Kf1 g5 26. Ke2 Kg7 27.
h3 f5 28. Nb5 Kf6 29. g3 Ra8 30. Nc3 Ra1 31. Ke3 Ra6 32. Nd2 Rc6 33. Nc4 Rc8
34. Nb6 Rc6 35. Nca4 Ke7 36. Nc4 b5 0-1

[Event "ODJM B 2023"]
[Site "Willingen GER"]
[Date "2023.05.30"]
[Round "4"]
[White "Farokhi, Darian"]
[Black "Borgert, Alexander"]
[Result "1/2-1/2"]
[Termination "normal"]
[Board "46"]
[WhiteElo "1455"]
[BlackElo "1516"]
[PlyCount "24"]
[WhiteFideId "16253108"]
[BlackFideId "16289188"]
[EventCountry "GER"]
[EventRounds "9"]
[EventType "swiss"]
[EventDate "2023.05.27"]

1. e4 c5 2. Nf3 Nc6 3. d4 cxd4 4. Nxd4 g6 5. Nc3 Bg7 6. Be3 d6 7. Bc4 Qb6 8.
Nb3 Qd8 9. Nd4 Qb6 10. Nb3 Qd8 11. Nd4 Qb6 12. Nb3 Qd8 1/2-1/2

[Event "ODJM B 2023"]
[Site "Willingen GER"]
[Date "2023.05.30"]
[Round "4"]
[White "Neumeier, Konstantin"]
[Black "Roth, Jonas"]
[Result "1/2-1/2"]
[Termination "normal"]
[Board "48"]
[WhiteElo "1413"]
[BlackElo "1529"]
[PlyCount "45"]
[WhiteFideId "34608230"]
[BlackFideId "34623515"]
[EventCountry "GER"]
[EventRounds "9"]
[EventType "swiss"]
[EventDate "2023.05.27"]

1. e4 e6 2. b3 d5 3. Bb2 dxe4 4. Nc3 Nf6 5. Qe2 Be7 6. Nxe4 a5 7. Qf3 Nxe4 8.
Qxe4 O-O 9. Bd3 f5 10. Qe3 a4 11. Bc4 Bf6 12. d4 Nc6 13. Ne2 Kh8 14. O-O Re8
15. Rfe1 Nb4 16. Qd2 Nd5 17. Nc3 Nxc3 18. Bxc3 c6 19. Re2 b5 20. Bd3 axb3 21.
cxb3 Bxd4 22. Rae1 Rf8 23. Bxd4 1/2-1/2

[Event "ODJM B 2023"]
[Site "Willingen GER"]
[Date "2023.05.30"]
[Round "4"]
[White "Sperling, Max"]
[Black "Köpnick, Amanda"]
[Result "1-0"]
[Termination "normal"]
[Board "49"]
[WhiteElo "1527"]
[BlackElo "1271"]
[PlyCount "69"]
[WhiteFideId "34660372"]
[BlackFideId "34618538"]
[EventCountry "GER"]
[EventRounds "9"]
[EventType "swiss"]
[EventDate "2023.05.27"]

1. d4 d5 2. c4 e6 3. Nc3 Nf6 4. cxd5 Nxd5 5. e4 Nxc3 6. bxc3 c5 7. Bb5+ Bd7 8.
Bxd7+ Qxd7 9. Nf3 cxd4 10. cxd4 Bb4+ 11. Bd2 Bxd2+ 12. Qxd2 O-O 13. O-O Nc6 14.
Rfe1 Rad8 15. Rad1 Qd6 16. Qb2 b6 17. Rd2 Na5 18. Rc1 Rc8 19. Rdc2 Rxc2 20.
Qxc2 h6 21. Qc7 Qa3 22. d5 exd5 23. exd5 Nb7 24. h3 Nd6 25. Rc6 Ne8 26. Qb7 Nf6
27. d6 Rd8 28. Qc7 Rd7 29. Qb8+ Kh7 30. Ne5 Qa4 31. Rc8 Ng8 32. Rxg8 g5 33. Qf8
Qd1+ 34. Kh2 Qxd6 35. Rh8# 1-0

[Event "ODJM B 2023"]
[Site "Willingen GER"]
[Date "2023.05.30"]
[Round "4"]
[White "Reuter, Luca Marek"]
[Black "Meitzner, Johan Eduard"]
[Result "1-0"]
[Termination "normal"]
[Board "50"]
[WhiteElo "1570"]
[BlackElo "1262"]
[PlyCount "37"]
[WhiteFideId "16226712"]
[BlackFideId "34623612"]
[EventCountry "GER"]
[EventRounds "9"]
[EventType "swiss"]
[EventDate "2023.05.27"]

1. e4 c5 2. c3 Nf6 3. e5 Nd5 4. Nf3 e6 5. d4 cxd4 6. cxd4 b6 7. Nc3 Nxc3 8.
bxc3 Qc7 9. Qc2 Bb7 10. Bd3 d6 11. Be4 Bxe4 12. Qxe4 Qxc3+ 13. Bd2 Qxa1+ 14.
Ke2 Qxa2 15. Qxa8 Qc4+ 16. Ke3 Qc7 17. Rc1 Qd8 18. Qb7 dxe5 19. Rc8 1-0

[Event "ODJM B 2023"]
[Site "Willingen GER"]
[Date "2023.05.30"]
[Round "4"]
[White "Menne, Lukas"]
[Black "Stelter, Finja"]
[Result "1-0"]
[Termination "normal"]
[Board "51"]
[WhiteElo "1273"]
[BlackElo "1322"]
[PlyCount "231"]
[WhiteFideId "16288467"]
[BlackFideId "16298624"]
[EventCountry "GER"]
[EventRounds "9"]
[EventType "swiss"]
[EventDate "2023.05.27"]

1. d4 Nf6 2. Bf4 d5 3. e3 a6 4. Nf3 Bf5 5. Bd3 Bg6 6. Qe2 Nc6 7. c3 e6 8. Nbd2
Bd6 9. Bg3 Ne4 10. Bxe4 Bxe4 11. Nxe4 dxe4 12. Nd2 f5 13. O-O O-O 14. Nc4 Bxg3
15. hxg3 Rf6 16. g4 Rg6 17. gxf5 exf5 18. Ne5 Nxe5 19. dxe5 Qg5 20. g3 Qe7 21.
Qc4+ Kh8 22. Rad1 Qxe5 23. Rd5 Qe7 24. Rxf5 Rg8 25. Rh5 b5 26. Qd5 Rd6 27. Qc5
Qf7 28. a3 Rgd8 29. Rf5 Qd7 30. Rf4 Qh3 31. Qxc7 Rd1 32. Rf8+ Rxf8 33. Rxd1 Qf5
34. Qf4 Qxf4 35. exf4 Re8 36. Rd6 a5 37. Rd5 b4 38. Rxa5 bxc3 39. bxc3 Kg8 40.
Re5 Ra8 41. Rxe4 Rxa3 42. c4 Rc3 43. Re8+ Kf7 44. Rc8 Kg6 45. Kg2 Kf5 46. Rc7
Kf6 47. g4 h6 48. f3 g6 49. Rc6+ Kf7 50. Kg3 h5 51. f5 h4+ 52. Kxh4 gxf5 53.
gxf5 Rxf3 54. Kg5 Rg3+ 55. Kf4 Rg1 56. Ke5 Re1+ 57. Kd5 Rd1+ 58. Kc5 Rf1 59. f6
Rc1 60. Kb6 Rb1+ 61. Kc7 Rc1 62. c5 Rc2 63. Kb7 Rc1 64. Rc8 Rb1+ 65. Kc7 Kxf6
66. c6 Ke7 67. Rb8 Rc1 68. Rb7 Ke6 69. Rb6 Ke7 70. Kb7 Kd8 71. Rb2 Rc3 72. Rd2+
Ke8 73. Kc7 Ke7 74. Re2+ Kf7 75. Kd7 Rd3+ 76. Kc8 Rc3 77. Kc7 Rc1 78. Rd2 Ke7
79. Kb7 Rb1+ 80. Kc8 Rc1 81. Rd7+ Ke8 82. c7 Rc2 83. Rd8+ Ke7 84. Kb7 Rb2+ 85.
Ka6 Ra2+ 86. Kb5 Rb2+ 87. Ka4 Rc2 88. c8=Q Rxc8 89. Rxc8 Kd7 90. Rc5 Kd6 91.
Rb5 Ke6 92. Kb4 Kf6 93. Kc4 Kg6 94. Ra5 Kf6 95. Kd4 Ke6 96. Rb5 Kf6 97. Ke4 Kg6
98. Kf4 Kh6 99. Kg4 Kg6 100. Rb6+ Kf7 101. Kf5 Ke7 102. Ra6 Kd7 103. Ke5 Kc7
104. Kd5 Kb7 105. Rh6 Kc7 106. Rg6 Kb7 107. Kc5 Ka7 108. Kb5 Kb7 109. Rg7+ Kc8
110. Kc6 Kd8 111. Ra7 Ke8 112. Kd6 Kf8 113. Ke6 Kg8 114. Kf6 Kh8 115. Kg6 Kg8
116. Ra8# 1-0

[Event "ODJM B 2023"]
[Site "Willingen GER"]
[Date "2023.05.30"]
[Round "4"]
[White "Brandt, Greta"]
[Black "Prokscha, Charlotte"]
[Result "1-0"]
[Termination "normal"]
[Board "52"]
[WhiteElo "1444"]
[BlackElo "1367"]
[PlyCount "81"]
[WhiteFideId "34605860"]
[BlackFideId "34614699"]
[EventCountry "GER"]
[EventRounds "9"]
[EventType "swiss"]
[EventDate "2023.05.27"]

1. Nf3 d5 2. g3 c5 3. Bg2 Bf5 4. O-O Nc6 5. d4 e6 6. c4 Nf6 7. Nc3 dxc4 8. Qa4
Qd7 9. dxc5 Bxc5 10. Qxc4 Be7 11. Rd1 Qc8 12. Bf4 O-O 13. a3 a6 14. Rac1 Na5
15. Qa2 Qc4 16. Ne5 Qxa2 17. Nxa2 Be4 18. Bxe4 Nxe4 19. b4 Nc6 20. Nxc6 bxc6
21. Rxc6 a5 22. Rd7 Bd8 23. b5 Nf6 24. Rd3 Nd5 25. Bd6 Re8 26. e4 Ne7 27. Rc1
Bb6 28. Bc7 Bxc7 29. Rxc7 Rac8 30. Rdd7 Kf8 31. b6 Rxc7 32. Rxc7 Rb8 33. b7 Ke8
34. Nc3 Kd8 35. Nb5 g5 36. g4 f6 37. Kf1 h6 38. Ke2 Ng6 39. Rh7 Nf4+ 40. Kd2
Nh3 41. Rh8+ 1-0